Quy chế tuyển sinh Đại học, Cao đẳng hệ chính quy
Nội dung sách giới thiệu Quyết định ban hành quy chế tuyển sinh đại học, cao đẳng hệ chính quy năm 2008 - 2009.
Saved in:
| Corporate Author: | |
|---|---|
| Format: | Book |
| Language: | Undetermined |
| Published: |
Hà Nội
Giáo Dục
2009
|
| Subjects: | |
| Tags: |
Add Tag
No Tags, Be the first to tag this record!
|
| Institutions: | Trung tâm Học liệu Trường Đại học Cần Thơ |
|---|
| LEADER | 00879nam a2200205Ia 4500 | ||
|---|---|---|---|
| 001 | CTU_225502 | ||
| 008 | 210402s9999 xx 000 0 und d | ||
| 082 | |a 378.1 | ||
| 082 | |b B450 | ||
| 110 | |a Bộ Giáo dục và Đào tạo | ||
| 245 | 0 | |a Quy chế tuyển sinh Đại học, Cao đẳng hệ chính quy | |
| 245 | 0 | |c Bộ Giáo dục và Đào tạo | |
| 260 | |a Hà Nội | ||
| 260 | |b Giáo Dục | ||
| 260 | |c 2009 | ||
| 520 | |a Nội dung sách giới thiệu Quyết định ban hành quy chế tuyển sinh đại học, cao đẳng hệ chính quy năm 2008 - 2009. | ||
| 650 | |a Giáo dục đại học,Education, higher | ||
| 650 | |x Quản trị,Sổ tay, sách hướng dẫn, v.v.,Administration,Handbooks, manuals, etc. | ||
| 910 | |b dqhieu | ||
| 980 | |a Trung tâm Học liệu Trường Đại học Cần Thơ | ||